State Quiz - Amazonas - Statistics

General Stats
  • This quiz has been taken 16 times
  • The average score is 11 of 15
Answer Stats
Hint Answer % Correct
Which is a tributary of this massive river Amazon River
93%
Foreign countries that border Amazonas Colombia
93%
State capital Manaus
93%
Foreign countries that border Amazonas Peru
93%
Foreign countries that border Amazonas Venezuela
93%
Of the 5 states Amazonas borders, which is the largest by area? Pará
87%
Major river that touches that city Rio Negro
67%
Only Brazilian state with a lower population density—it used to bepart of Amazonas Roraima
67%
Biome that covers 98% of Amazonas Tropical rainforest
67%
The Amazon Arena was completed in 2014 for this event World Cup
60%
Number of stars on the flag 25
53%
Due to its isolation and lack of infastructure, you currently can't ____ tonorthern Amazonas directly from most of Brazil Drive
53%
Highest point in Brazil Pico da {Neblina}
53%
Domed building home to the Amazonas Opera Festival {Teatro} Amazonas
53%
Three largest cities in Amazonas after the capital (name any) Parintins / Itacoatiara / Manacapuru
47%
No matching quizzes found
Score Distribution
Percent of People with Each Score
Percentile by Number Answered
Your Score History
You have not taken this quiz